[Event "Olympiad-45"]
[White "Alabdaljader, Mohammed"]
[Black "Nait, Elasri Brahim"]
[Site "Budapest"]
[Round "10.4"]
[Result "0-1"]
[Date "2024.09.21"]
[WhiteElo "1677"]
[BlackElo "1994"]
[PlyCount "162"]
[EventDate "2024.09.11"]
[EventType "team-swiss"]
[EventRounds "11"]
[EventCountry "HUN"]
[SourceTitle "EXT 2025"]
[Source "ChessBase"]
[SourceDate "2024.10.14"]
[SourceVersion "1"]
[SourceVersionDate "2024.10.14"]
[SourceQuality "1"]
[WhiteTeam "Kuwait"]
[BlackTeam "Morocco"]
[WhiteTeamCountry "KUW"]
[BlackTeamCountry "MAR"]

1. e4 c5 2. b3 d6 3. Bb2 Nf6 4. Nc3 Nbd7 5. Bb5 a6 6. Bxd7+ Bxd7 7. f4 Bc6 8. Qe2 e6 9. Nf3 b5 10. d3 Be7 11. 0-0 Nd7 12. a4 Bf6 13. Kh1 0-0 14. Nd1 Bxb2 15. Nxb2 Qf6 16. Ra2 d5 17. exd5 exd5 18. Ne5 Rae8 19. d4 bxa4 20. Qxa6 axb3 21. cxb3 Re6 22. f5 Rd6 23. dxc5 Nxc5 24. Qb6 Ne4 25. Qd4 Bb5 26. Rf3 Re8 27. Nbd3 Bxd3 28. Rxd3 Qxf5 29. Nf3 Rde6 30. h3 Qf4 31. Ra1 Ng3+ 32. Kh2 Ne4+ 33. Kg1 Rg6 34. Qe5 Qxe5 35. Nxe5 Rd6 36. Ra7 Rf8 37. b4 f6 38. Nf3 Rfd8 39. Nd4 R6d7 40. Rda3 Nd6 41. b5 Rxa7 42. Rxa7 Rb8 43. Ra1 Rb7 44. Rb1 Kf7 45. Kf2 Ke7 46. g4 g6 47. Ke3 Nc4+ 48. Kf4 Kd6 49. Ne2 Kc5 50. Nc3 Ra7 51. b6 Nxb6 52. Rxb6 Kxb6 53. Nxd5+ Kc5 54. Nxf6 Kd4 55. g5 Kd3 56. Kg3 Ke3 57. Nd5+ Ke4 58. Nf6+ Kf5 59. h4 h5 60. Kf3 Ra3+ 61. Kg2 Kf4 62. Kh2 Kf3 63. Kh3 Ra1 64. Kh2 Ra4 65. Kh3 Kf2 66. Nd5 Rd4 67. Nf6 Kg1 68. Kg3 Rd3+ 69. Kf4 Kh2 70. Ne4 Ra3 71. Ke5 Kh3 72. Kf6 Ra6+ 73. Kg7 Kxh4 74. Kh6 Kg4 75. Nf6+ Kf5 76. Nd5 Kg4 77. Nf6+ Kf5 78. Nd5 Ke5 79. Ne7 h4 80. Kg7 Ra7 81. Kf8 Rxe7 0-1

[Event "Olympiad-45"]
[White "Mudasir, Iqbal"]
[Black "Nait, Elasri Brahim"]
[Site "Budapest"]
[Round "8.4"]
[Result "0-1"]
[Date "2024.09.19"]
[WhiteElo "2055"]
[BlackElo "1994"]
[PlyCount "90"]
[EventDate "2024.09.11"]
[EventType "team-swiss"]
[EventRounds "11"]
[EventCountry "HUN"]
[SourceTitle "EXT 2025"]
[Source "ChessBase"]
[SourceDate "2024.10.14"]
[SourceVersion "1"]
[SourceVersionDate "2024.10.14"]
[SourceQuality "1"]
[WhiteTeam "Pakistan"]
[BlackTeam "Morocco"]
[WhiteTeamCountry "PAK"]
[BlackTeamCountry "MAR"]

1. e4 c5 2. Nf3 d6 3. d4 cxd4 4. Nxd4 Nf6 5. Nc3 a6 6. Bg5 e6 7. f4 Nbd7 8. Qf3 Qc7 9. 0-0-0 b5 10. Bd3 Bb7 11. Rhe1 Be7 12. a3 h6 13. Bxf6 Bxf6 14. Bxb5 axb5 15. Ndxb5 Qb8 16. Nxd6+ Kf8 17. Nxb7 Qxb7 18. e5 Qxf3 19. gxf3 Bh4 20. Re4 Ke7 21. f5 Bf2 22. fxe6 fxe6 23. f4 Rhf8 24. Rd2 Bb6 25. Rg2 Rf7 26. Nb5 Raf8 27. Nd6 Rxf4 28. Rxg7+ Kd8 29. Rxf4 Rxf4 30. Nf7+ Kc8 31. Nd6+ Kc7 32. Re7 Kc6 33. Rxe6 Kd5 34. Re8 Nxe5 35. Nb5 Rf1+ 36. Kd2 Nc4+ 37. Kc3 Rf3+ 38. Kb4 Bc5+ 39. Ka4 Nxb2+ 40. Ka5 Nc4+ 41. Ka6 Rf6+ 42. Kb7 Rb6+ 43. Kc7 Rxb5 44. Re2 Bd6+ 45. Kd7 Rb8 0-1

[Event "Tiznit op 5th"]
[White "Benfatah, Abderrahmane"]
[Black "Nait, Elasri Brahim"]
[Site "Tiznit"]
[Round "6"]
[Result "1-0"]
[Date "2024.01.14"]
[WhiteElo "2000"]
[BlackElo "2006"]
[PlyCount "75"]
[EventDate "2024.01.11"]
[EventType "swiss"]
[EventRounds "7"]
[EventCountry "MAR"]
[SourceTitle "CBM 218 Extra"]
[Source "ChessBase"]
[SourceDate "2024.03.31"]
[SourceVersion "1"]
[SourceVersionDate "2024.03.31"]
[SourceQuality "1"]

1. e4 c5 2. Nf3 d6 3. c3 Nf6 4. Be2 Nbd7 5. d3 e6 6. Nbd2 Rb8 7. d4 b5 8. 0-0 g6 9. a4 b4 10. e5 bxc3 11. bxc3 Nd5 12. Ne4 Qc7 13. c4 Nb4 14. exd6 Bxd6 15. Bb2 0-0 16. Qd2 Bf4 17. Qd1 Bb7 18. Ng3 Bh6 19. dxc5 Bxf3 20. Bxf3 Nxc5 21. Qd4 f6 22. Qg4 Bg7 23. Rab1 f5 24. Qh4 Bxb2 25. Rxb2 e5 26. Qg5 e4 27. Be2 Ncd3 28. Bxd3 Nxd3 29. Rb5 Qd8 30. Qh6 Qf6 31. Rfb1 Rxb5 32. cxb5 Qd4 33. Rf1 Nxf2 34. Ne2 Qd3 35. Kxf2 f4 36. Nxf4 e3+ 37. Kg1 Qd4 38. Qxf8+ 1-0

[Event "Francophonie-ch 9th"]
[White "Nait, Elasri Brahim"]
[Black "Konan Kouassi, Augustin"]
[Site "Yamoussoukro"]
[Round "2"]
[Result "1-0"]
[Date "2023.07.03"]
[WhiteElo "2030"]
[BlackElo "1757"]
[PlyCount "91"]
[EventDate "2023.07.02"]
[EventType "swiss"]
[EventRounds "9"]
[EventCountry "IVO"]
[SourceTitle "CBM 215 Extra"]
[Source "ChessBase"]
[SourceDate "2023.09.30"]
[SourceVersion "1"]
[SourceVersionDate "2023.09.30"]
[SourceQuality "1"]

1. e4 e6 2. d4 d5 3. Nc3 Nf6 4. Bg5 Be7 5. e5 Nfd7 6. Bxe7 Qxe7 7. Qg4 f6 8. f4 a6 9. Nf3 0-0 10. Bd3 c5 11. dxc5 Nxc5 12. 0-0 Nxd3 13. cxd3 Qb4 14. a3 Qxb2 15. exf6 Rxf6 16. Nxd5 exd5 17. Qxc8+ Rf8 18. Qe6+ Kh8 19. Ne5 Qd4+ 20. Kh1 g6 21. Rab1 Nc6 22. Nf7+ Kg8 23. Ng5+ Kh8 24. Rxb7 Ra7 25. Qxc6 Rxb7 26. Qxb7 Qg7 27. Qxg7+ Kxg7 28. Ne6+ Kf7 29. Nxf8 Kxf8 30. f5 g5 31. Rb1 Ke7 32. Rb6 a5 33. g4 Kd7 34. d4 Kc7 35. Rh6 Kd7 36. Kg1 Ke7 37. Rxh7+ Kf6 38. Rh6+ Kg7 39. Ra6 a4 40. Rxa4 Kf6 41. Ra6+ Kf7 42. Re6 Kg7 43. a4 Kf7 44. a5 Kg7 45. a6 Kf7 46. a7 1-0

[Event "MAR-ch U18"]
[White "Nait, Elasri Brahim"]
[Black "Elachhab, Walid"]
[Site "Casablanca"]
[Round "5"]
[Result "0-1"]
[Date "2022.06.01"]
[WhiteElo "1612"]
[BlackElo "1480"]
[PlyCount "74"]
[EventDate "2022.06.01"]
[EventType "swiss (rapid)"]
[EventRounds "7"]
[EventCountry "MAR"]
[SourceTitle "EXT 2023"]
[Source "ChessBase"]
[SourceDate "2022.10.05"]
[SourceVersion "1"]
[SourceVersionDate "2022.10.05"]
[SourceQuality "1"]

1. e4 e6 2. d4 d5 3. Nc3 Nf6 4. e5 Nfd7 5. f4 c5 6. Nf3 Nc6 7. Be3 Qb6 8. Na4 Qa5+ 9. c3 Be7 10. Nxc5 Nxc5 11. dxc5 Bd7 12. b4 Qc7 13. Bd3 Rd8 14. b5 Na5 15. Qa4 a6 16. Nd2 axb5 17. Bxb5 Bxb5 18. Qxb5+ Nc6 19. 0-0 0-0 20. Rab1 d4 21. cxd4 Nxd4 22. Bxd4 Rxd4 23. Nb3 Rd5 24. Rbc1 Rb8 25. Qc4 Rc8 26. Qb5 Rb8 27. Rfd1 Rbd8 28. Rxd5 Rxd5 29. h3 h6 30. Kh2 Bh4 31. c6 Rxb5 32. Nd4 Rd5 33. Nf3 Be7 34. Rb1 Qxc6 35. Rb3 Rb5 36. Rd3 Rb2 37. a3 Qe4 0-1

[Event "MAR-ch U18"]
[White "Nait, Elasri Brahim"]
[Black "Laamim, Roaa"]
[Site "Casablanca"]
[Round "2"]
[Result "1-0"]
[Date "2022.06.01"]
[WhiteElo "1612"]
[BlackElo "1767"]
[PlyCount "75"]
[EventDate "2022.06.01"]
[EventType "swiss (rapid)"]
[EventRounds "7"]
[EventCountry "MAR"]
[SourceTitle "EXT 2023"]
[Source "ChessBase"]
[SourceDate "2022.10.05"]
[SourceVersion "1"]
[SourceVersionDate "2022.10.05"]
[SourceQuality "1"]

1. e4 e5 2. Nf3 Nc6 3. Bb5 a6 4. Ba4 Nf6 5. d3 b5 6. Bb3 Be7 7. c3 d6 8. h3 Be6 9. 0-0 0-0 10. Re1 h6 11. Nbd2 Nh7 12. Nf1 Ng5 13. Ng3 Bxb3 14. axb3 d5 15. Nxg5 Bxg5 16. Bxg5 hxg5 17. Qf3 d4 18. Rad1 Ne7 19. Qh5 Ng6 20. Nf5 Nh4 21. Qe2 Nxf5 22. exf5 Re8 23. Qf3 Qf6 24. Re4 Rad8 25. c4 bxc4 26. bxc4 Rb8 27. Rd2 Rb3 28. Ree2 Reb8 29. Qe4 Qb6 30. Qxe5 Qa7 31. f6 R3b6 32. fxg7 Re6 33. Qg3 Rxe2 34. Rxe2 Qc5 35. Kh2 Rb3 36. Re5 Qb4 37. Qxg5 Rxd3 38. Re8+ 1-0